[Event "IRI-chT 16th"]
[Site "Sari"]
[Date "2017.09.15"]
[Round "5.2"]
[White "Ebrahimzadeh, Mohammadnaghi"]
[Black "Mosadeghpour, Masoud"]
[Result "0-1"]
[WhiteElo "1872"]
[BlackElo "2509"]
[PlyCount "60"]
[EventDate "2017.09.13"]
[EventType "team-swiss"]
[EventRounds "11"]
[EventCountry "IRI"]
[SourceTitle "CBM 180 Extra"]
[Source "ChessBase"]
[SourceDate "2017.10.06"]
[SourceVersion "1"]
[SourceVersionDate "2017.10.06"]
[SourceQuality "1"]
[WhiteTeam "Shiraz Darya Borj"]
[BlackTeam "Tehran Saipa"]
[WhiteTeamCountry "IRI"]
[BlackTeamCountry "IRI"]

1. e4 c5 2. Nf3 d6 3. Bb5+ Nd7 4. d4 cxd4 5. Qxd4 a6 6. Ba4 e5 7. Qd1 Ngf6 8. Nc3 h6 9. 0-0 b5 10. Bb3 Bb7 11. Bd5 Bxd5 12. exd5 Nb6 13. a3 Rc8 14. Qd3 Qc7 15. Be3 Nc4 16. Bc1 Be7 17. Nh4 g6 18. Re1 Nb6 19. Nxg6 fxg6 20. Qxg6+ Kd7 21. Qf5+ Kd8 22. f4 Nfxd5 23. Nxd5 Nxd5 24. fxe5 Qxc2 25. Qh5 Qc5+ 26. Kh1 Qf2 27. Bxh6 Nf4 28. Qg4 Rxh6 29. Qg8+ Kd7 30. Qg4+ Ne6 0-1